000 00452nam a2200169 a 4500
005 20140310183347.0
008 070329s19uu xx 00 eng d
020 _a0812550315
050 _aPS 3573.O572
_b.W869 1996
100 _aWolverton, Dave
245 _aBeyond the gate.
_cDave Wolverton
260 _aU.S.A :
_bTom Doherty Associates, Inc,
_c1995.
300 _a439 p. :
_c17 cm.
650 _aFiction.
942 _cBK
_2lcc
999 _c21986
_d21986